Library of the University of Algiers 3
Ibrahim Sultan Cheibout
شعار جامعة الجزائر 3
مكتبة جامعة الجزائر 3
إبراهيم سلطان شيبوط

شرح العقود المسماة في عقدي البيع والمقايضة / (رقم التسجيلة. 45979)

تفاصيل مارك
000 -LEADER
fixed length control field 01821nam a2200229Ia 4500
003 - CONTROL NUMBER IDENTIFIER
control field Ost
005 - DATE AND TIME OF LATEST TRANSACTION
control field 20260507075726.0
008 - FIXED-LENGTH DATA ELEMENTS--GENERAL INFORMATION
fixed length control field 260507s9999||||xx |||||||||||||| ||und||
040 ## - CATALOGING SOURCE
Transcribing agency fsecg
041 ## - LANGUAGE CODE
Language code of text/sound track or separate title ara
082 ## - DEWEY DECIMAL CLASSIFICATION NUMBER
Classification number 346.02
100 ## - MAIN ENTRY--PERSONAL NAME
Personal name ابو السعود، رمضان
Relator term مؤلف
245 #0 - TITLE STATEMENT
Title شرح العقود المسماة في عقدي البيع والمقايضة /
Statement of responsibility, etc. رمضان ابو السعود
260 ## - PUBLICATION, DISTRIBUTION, ETC.
Place of publication, distribution, etc. الاسكندرية:
Name of publisher, distributor, etc. دار المطبوعات الجامعية,
Date of publication, distribution, etc. 2004
300 ## - PHYSICAL DESCRIPTION
Extent 462 صفحة؛
Dimensions 24 سم
520 ## - SUMMARY, ETC.
Summary, etc. القسم الاول : عقد البيع التعريف بالبيع ؛ عناصر عقد البيع ؛ تميز عقد البيع عن غيره من العقود ، الباب الاول : أركان عقد البيع وجود التراضي في عقد البيع ، التراضي على البيع ، وجود المبيع ، التراضي على الثمن ، صور التراضي على عقد البيع ، صور التراضي على عقد البيع بصفة عامة ، التبايع بطريق النيابة الباب الثاني : أثار عقد البيع التزامات البائع ، الالتزام بنقل ملكية المبيع ، الالتزام بتسليم المبيع ، ضمان التعرض والاستحقاق ، ضمان العيوب الخفية التزامات المشتري ، التزامات المشتري بالوفاء بالثمن ، التزمات المشتري بدافع نفقات ومصروفات البيع ، التزامات المشتري بتسليم المبيع القسم الثاني : عقد المقايضة
653 ## - INDEX TERM--UNCONTROLLED
Uncontrolled term البيع
653 ## - INDEX TERM--UNCONTROLLED
Uncontrolled term العقود
653 ## - INDEX TERM--UNCONTROLLED
Uncontrolled term القانون المدنى--مصر
653 ## - INDEX TERM--UNCONTROLLED
Uncontrolled term عقود البيع
942 ## - ADDED ENTRY ELEMENTS (KOHA)
Koha item type كتب
المقتنيات
Withdrawn status Lost status Source of classification or shelving scheme Damaged status Not for loan Home library Current library Date acquired Serial enumeration / chronology Inventory number Total checkouts Full call number Barcode Date last seen Price effective from Koha item type
    Library of Congress Classification   NOT LOAN / إعارة داخلية مكتبة كلية العلوم الإقتصادية والعلوم التجارية وعلوم التسيير مكتبة كلية العلوم الإقتصادية والعلوم التجارية وعلوم التسيير 07/05/2026 الطابق الأرضي 1118/1   أ/1118ن1 1118/1 07/05/2026 07/05/2026 كتب
    Dewey Decimal Classification   Available مكتبة كلية العلوم الإقتصادية والعلوم التجارية وعلوم التسيير مكتبة كلية العلوم الإقتصادية والعلوم التجارية وعلوم التسيير 07/05/2026 الطابق الثاني 1118/2   أ/1118ن2 1118/2 07/05/2026 07/05/2026 كتب

موارد الويب المفتوحة


© University of Algiers 3 All Rights Reserved
|
Implemented by LECHELAH Riad